00492nam a2200133Ia 4500008004100000245010700041260003500148260000900183300000900192650001300201856005200214999001900266952007300285170516s9999 xx 000 0 und d 4aThe Evolution and Structural Organization of the Organs of Vertebrate Immune System Elena D. Sotnikova bAsian Journal of Pharmaceutics c2017 a11:1 xPharmacy uhttp://www.asiapharmaceutics.info/index.php/ajp c331944d331944 001040aCLbCLd2017-05-16l0r2017-05-16 00:00:00w2017-05-16yFOJ